书目信息 |
| 题名: |
竞赛数学解题研究
|
|
| 作者: | 陈传理 , 张同君 主编 ;十五院校协编组 编 | |
| 分册: | ||
| 出版信息: | 北京 高等教育出版社 2000 |
|
| 页数: | 467页 | |
| 开本: | 20cm | |
| 丛书名: | ||
| 单 册: | ||
| 中图分类: | O1 | |
| 科图分类: | ||
| 主题词: | 数学 | |
| 电子资源: | ||
| ISBN: | 7-04-008370-1 | |
| 000 | 00730nam0 2200229 450 | |
| 001 | 0635820437 | |
| 005 | 20060314100326.14 | |
| 010 | @a7-04-008370-1@dCNY19.00 | |
| 100 | @a20060314d2000 km y0chiy0120 ea | |
| 101 | 0 | @achi |
| 102 | @aCN@b110000 | |
| 200 | 1 | @a竞赛数学解题研究@Ajing sai shu xue jie ti yan jiu@f张同君,陈传理主编@Fzhang tong jun,chen chuan li zhu bian@g十五院校协编组编 |
| 210 | @a北京@c高等教育出版社@d2000 | |
| 215 | @a467页@d20cm | |
| 300 | @a高等学校试用教材 | |
| 606 | 0 | @a数学 |
| 690 | @aO1@v4 | |
| 701 | 0 | @a陈传理@Achen chuan li@4主编 |
| 701 | 0 | @a张同君@Azhang tong jun@4主编 |
| 712 | 0 | @a十五院校协编组@Ashi wu yuan xiao xie bian zu@4编 |
| 801 | 0 | @aCN@bPFT@c20060314 |
| 905 | @a10447@dO1@e184(+) | |
| 竞赛数学解题研究/张同君,陈传理主编/十五院校协编组编.-北京:高等教育出版社,2000 |
| 467页;20cm |
| 高等学校试用教材 |
| ISBN 7-04-008370-1:CNY19.00 |
| ● |
| 相关链接 |
|
|
|
|
正题名:竞赛数学解题研究
索取号:O1/184(+)
 
预约/预借
| 序号 | 登录号 | 条形码 | 馆藏地/架位号 | 状态 | 备注 |
| 1 | 0339581 | 203395815 | 第三借阅区/ [索取号:O1/184(+)] | 在馆 | |
| 2 | 0339582 | 203395824 | 第三借阅区/ [索取号:O1/184(+)] | 在馆 | |
| 3 | 0339583 | 203395833 | 第三借阅区/ [索取号:O1/184(+)] | 在馆 | |
| 4 | 0339584 | 203395842 | 第三借阅区/ [索取号:O1/184(+)] | 在馆 | |
| 5 | 0339585 | 203395851 | 第三借阅区/ [索取号:O1/184(+)] | 在馆 |